MARC

LEADER 00000nam0a2200000 4500
001 155434
005 20231031152434.0
010 |a 5279008869 
020 |a RU  |b 91-56519 
035 |a (RuTPU)RU\TPU\book\168611 
090 |a 155434 
100 |a 20090314d1991 m y0rusy5003 ca 
101 0 |a rus 
102 |a RU 
105 |a a z 000zy 
200 1 |a Реформа цен: проблемы и реальность  |f В. К. Сенчагов 
210 |a Москва  |c Финансы и статистика  |d 1991 
215 |a 110 с. 
610 1 |a цены 
610 1 |a реформа 
610 1 |a проблемы 
610 1 |a реальность 
610 1 |a СССР 
610 1 |a государственное регулирование 
686 |a У9(2)0-861  |2 rubbk 
700 1 |a Сенчагов  |b В. К.  |g Вячеслав Константинович  |4 070 
801 0 |a RU  |b RuMRKP  |c 19950417  |g psbo 
801 1 |a RU  |b 63413507  |c 20090314  |g PSBO 
801 2 |a RU  |b 63413507  |c 20100312  |g PSBO 
942 |c BK